000 00351nam a22001337a 4500
020 _a9789350300879
082 _a551.253
_bRAS/DE
100 _aRasure, K A
_9215
245 _aDevelopment of Agriculture in The Era of Climate Change
260 _aJaipur
_bOxford Book Company
_c2012
300 _a324
650 _aClimate Change
_9216
942 _cBK
999 _c14177
_d14177